000
00442nam a2200169Ia 4500
008
090711s9999 xx 000 0 und d
082
_b
68933
100
_a
आफळे गोविंद
245
_a
उपासना
260
_c
1992
300
_a
44
600
_a
आफळे गोविंद
630
_a
उपासना
700
_a
आफळे गोविंद
730
_a
उपासना
942
_c
BOOK
999
_c
284481
_d
284481